| 000 | 00341nam a22001217a 4500 | ||
|---|---|---|---|
| 008 | 230626b xxu||||| |||| 00| 0 eng d | ||
| 020 | _a9966467327 | ||
| 082 |
_a338.09 _bCOU 1988 |
||
| 245 |
_aIndustrialization in Kenya _bIn Search of a Strategy |
||
| 260 |
_aNairobi _bHeinemann Educational Ltd _c1988 |
||
| 300 | _aVII,328p | ||
| 942 |
_2ddc _cBK |
||
| 999 |
_c2760 _d2760 |
||